La batalla de Creta

Shranjeno v:
Bibliografske podrobnosti
Glavni avtor: Beevor, Antony (Author)
Format: Knjiga
Jezik:španščina
Izdano: Barcelona, España Crítica 2003
Serija:Memoria Crítica
Teme:
Oznake: Označite
Brez oznak, prvi označite!

MARC

LEADER 00000nam a2200000 a 4500
001 UCL7115
003 CL-VaPUC
005 20241021164757.0
008 040430e20030000SP |||||||||||||||||spa|d
999 |c 308975  |d 308973 
020 |a 8484323978 
040 |c Pontificia Universidad Católica de Valparaíso 
082 0 4 |a 940.53 BEE 2003  |2 21 
100 0 |a Beevor, Antony  |e author  |9 484892 
245 1 3 |a La batalla de Creta 
260 |a Barcelona, España  |b Crítica  |c 2003 
300 |a 414 páginas 
490 0 |a Memoria Crítica 
583 |a last modification  |c 20040430 00:00:00  |k Rodrigo Vera 
650 7 |a HISTORIA DE EUROPA  |2 CL-VaPUC  |9 319599  |y SIGLO 20 
650 0 |a Segunda Guerra Mundial  |z ALEMANIA  |z GRECIA  |9 325982 
650 0 |a Operaciones militares  |z ALEMANIA  |z GRECIA  |9 372045 
852 |a BIBCUR 
942 |c BK  |2 ddc 
945 |d 20040430 00:00:00  |a cmena 
952 |0 0  |1 0  |2 ddc  |4 0  |6 940_530000000000000_BEE_2003  |7 0  |8 A  |9 375985  |a BIBHIS  |b BIBHIS  |d 2019-11-21  |i 401085K  |o 940.53 BEE 2003  |p 401085K  |r 2025-01-20  |t 1  |w 2019-11-21  |y BK  |k HIS 
952 |0 0  |1 0  |2 ddc  |4 0  |6 940_530000000000000_BEE_2003  |7 0  |8 A  |9 375986  |a BIBHIS  |b BIBHIS  |d 2019-11-21  |i 4382978  |o 940.53 BEE 2003  |p 4382978  |r 2025-01-20  |t 2  |w 2019-11-21  |y BK  |k HIS